000
00221nam a22000857a 4500
008
170614b xxu||||| |||| 00| 0 eng d
100
_9
3387
_a
Gupta. P. K
245
_a
Science and Technology - 8
260
_a
New Delhi
_b
I. B
_c
2008
999
_c
6745
_d
6745